<?xml version="1.0" encoding="UTF-8"?>
<record
    xmlns:xsi="http://www.w3.org/2001/XMLSchema-instance"
    xsi:schemaLocation="http://www.loc.gov/MARC21/slim http://www.loc.gov/standards/marcxml/schema/MARC21slim.xsd"
    xmlns="http://www.loc.gov/MARC21/slim">

  <leader>00532nam  22001813  4500</leader>
  <controlfield tag="001">32725</controlfield>
  <datafield tag="010" ind1=" " ind2=" ">
    <subfield code="a">7-5029-3918-0/P.1390</subfield>
  </datafield>
  <datafield tag="090" ind1=" " ind2=" ">
    <subfield code="a">32725</subfield>
  </datafield>
  <datafield tag="100" ind1=" " ind2=" ">
    <subfield code="a">20260416d        u||y0pory50      ba</subfield>
  </datafield>
  <datafield tag="101" ind1=" " ind2=" ">
    <subfield code="a">eng</subfield>
  </datafield>
  <datafield tag="200" ind1=" " ind2=" ">
    <subfield code="a">Asia Summer Monsoon and Mesoscale Numerical Simulation</subfield>
    <subfield code="f">Macao Meteorological and Geophysical Bureau, ed.</subfield>
  </datafield>
  <datafield tag="210" ind1=" " ind2=" ">
    <subfield code="a">China</subfield>
    <subfield code="c">China Meteorological Press</subfield>
    <subfield code="d">2004</subfield>
  </datafield>
  <datafield tag="215" ind1=" " ind2=" ">
    <subfield code="a">291 p. </subfield>
    <subfield code="d">26 cm.</subfield>
  </datafield>
  <datafield tag="225" ind1=" " ind2=" ">
    <subfield code="a">MMGB Collected Papers</subfield>
    <subfield code="h">Vol. 1</subfield>
  </datafield>
  <datafield tag="317" ind1=" " ind2=" ">
    <subfield code="5">IM</subfield>
  </datafield>
  <datafield tag="606" ind1=" " ind2=" ">
    <subfield code="x">Previs&#xE3;o Num&#xE9;rica</subfield>
    <subfield code="9">23786</subfield>
  </datafield>
  <datafield tag="801" ind1=" " ind2=" ">
    <subfield code="g">ISBD</subfield>
  </datafield>
  <datafield tag="942" ind1=" " ind2=" ">
    <subfield code="n">0</subfield>
  </datafield>
  <datafield tag="995" ind1=" " ind2=" ">
    <subfield code="1">0</subfield>
    <subfield code="4">ESTANTE_3_PRAT_4_000000000000000</subfield>
    <subfield code="5">2026-04-16</subfield>
    <subfield code="6">11071</subfield>
    <subfield code="9">32871</subfield>
    <subfield code="a">IPMA_SE</subfield>
    <subfield code="c">IPMA_SE</subfield>
    <subfield code="k">Estante 3, Prat 4</subfield>
    <subfield code="n">2026-04-16</subfield>
    <subfield code="o">0</subfield>
    <subfield code="r">MON</subfield>
  </datafield>
</record>
